| 000 | 01268cad a22002175a 4500 | ||
|---|---|---|---|
| 001 | L142304 | ||
| 008 | 080204e20071031xxkd f s 000 0 eng d | ||
| 035 | _a(Sirsi) u142304 | ||
| 041 | 0 | _aeng | |
| 050 | 0 | 4 | _a333.33 $2 18 |
| 110 | 1 |
_aUnited Kingdom _bDepartment for Communities and Local Government _94939 |
|
| 245 | 0 | 0 |
_aLand use change in England _bresidential development to 2006 _bupdate - January 2008 _h[electronic resource] |
| 260 |
_aLondon _bDCLG _c2007 |
||
| 520 | _aPresents statistics on residential developments, comparing performance against national targets. Updates residential statistics which were presented in a previous release (L138265) and previous update (L141386). Provides information on other types of land use change. Estimates that 75% of new dwellings in 2006 were built on previously developed land, and at an average density of 41 per hectare. In 2005, the figures were 77% and 41 respectively. | ||
| 590 | _aKA | ||
| 651 | 4 |
_aEngland _y886- |
|
| 690 | _aPROPERTY-RESIDENTIAL PROPERTY-RESIDENTIAL LAND | ||
| 710 | 1 |
_aUnited Kingdom _bOffice of National Statistics _92035 |
|
| 856 | 4 | 0 |
_uhttps://www.communities.gov.uk/documents/planningandbuilding/pdf/679228.pdf _zView the item free of charge at www.communities.gov.uk... |
| 942 | _n0 | ||
| 999 |
_c107859 _d107859 |
||